[Event "NSV Open-ch Rapid 2019"]
[Site "Lueneburg"]
[Date "2019.08.03"]
[Round "3.21"]
[White "Doederlein, Etienne"]
[Black "Dralle, Hannes"]
[Result "0-1"]
[WhiteElo "1868"]
[BlackElo "1732"]
[Annotator "NA RC"]
[PlyCount "52"]
[EventDate "2019.08.03"]
[EventType "swiss"]
[EventCountry "GER"]
[SourceTitle "playchess.com"]
[Source "ChessBase"]
[SourceQuality "1"]
[TimeControl "600+5"]

1. c4 {[%emt 0:00:00]} Nf6 {[%emt 0:00:00]} 2. Nc3 {[%emt 0:00:00]} d5 {[%emt 0:00:01]} 3. cxd5 {[%emt 0:00:04]} Nxd5 {[%emt 0:00:01]} 4. Nxd5 {[%emt 0:00:06]} Qxd5 {[%emt 0:00:02]} 5. Nf3 {[%emt 0:00:05]} g6 {[%emt 0:00:07]} 6. g3 {[%emt 0:00:03]} Bg7 {[%emt 0:00:08]} 7. Bg2 {[%emt 0:00:01]} Qa5 {[%emt 0:00:08]} 8. O-O {[%emt 0:00:07]} O-O {[%emt 0:00:02]} 9. d4 {[%emt 0:00:17]} Na6 {[%emt 0:00:36]} 10. Bd2 {[%emt 0:00:33]} Qb6 {[%emt 0:00:09]} 11. Bc3 {[%emt 0:00:11]} c6 {[%emt 0:01:03]} 12. e4 {[%emt 0:00:15]} Nc7 {[%emt 0:00:47]} 13. Qd2 {[%emt 0:00:51]} Ne6 {[%emt 0:01:34]} 14. Rfd1 {[%emt 0:01:24]} Qc7 {[%emt 0:00:17]} 15. Rac1 {[%emt 0:00:11]} b6 {[%emt 0:00:38]} 16. d5 {[%emt 0:02:08]} Nc5 {[%emt 0:00:01]} 17. Nd4 {[%emt 0:00:24]} cxd5 {[%emt 0:00:29]} 18. exd5 {[%emt 0:00:05]} Bb7 {[%emt 0:01:24]} 19. b4 {[%emt 0:01:09]} Na6 {[%emt 0:00:59]} 20. Ba1 {[%emt 0:00:41]} Qd7 {[%emt 0:00:12]} 21. Nb3 {[%emt 0:01:46]} Bxa1 {[%emt 0:00:17]} 22. Rxa1 {[%emt 0:00:10]} Rfd8 {[%emt 0:00:37]} 23. a3 {[%emt 0:00:33]} Nc7 {[%emt 0:00:13]} 24. d6 {[%emt 0:00:15]} Bxg2 {[%emt 0:02:15]} 25. dxc7 {[%emt 0:00:19]} Qxc7 {[%emt 0:00:00]} 26. Qe2 {[%emt 0:00:32]} Qb7 {[%emt 0:00:10]} 0-1

[Event "NSV Open-ch Rapid 2019"]
[Site "Lueneburg"]
[Date "2019.08.03"]
[Round "3.22"]
[White "Rick, Niklas Corvin"]
[Black "Kolhoff, Manfred"]
[Result "1/2-1/2"]
[WhiteElo "1444"]
[BlackElo "1616"]
[Annotator "NA RC"]
[PlyCount "81"]
[EventDate "2019.08.03"]
[EventType "swiss"]
[EventCountry "GER"]
[SourceTitle "playchess.com"]
[Source "ChessBase"]
[SourceQuality "1"]
[TimeControl "600+5"]

1. d4 {[%emt 0:00:00]} d5 {[%emt 0:00:00]} 2. c4 {[%emt 0:00:00]} e6 {[%emt 0:00:00]} 3. cxd5 {[%emt 0:00:02]} exd5 {[%emt 0:00:00]} 4. Nc3 {[%emt 0:00:10]} Nf6 {[%emt 0:00:00]} 5. Bg5 {[%emt 0:00:08]} Be6 {[%emt 0:00:02]} 6. Qb3 {[%emt 0:00:11]} b6 {[%emt 0:00:20]} 7. Bxf6 {[%emt 0:00:06]} Qxf6 {[%emt 0:00:06]} 8. Nxd5 {[%emt 0:00:06]} Bxd5 {[%emt 0:00:16]} 9. Qxd5 {[%emt 0:00:03]} c6 {[%emt 0:00:04]} 10. Qe4+ {[%emt 0:00:40]} Be7 {[%emt 0:00:43]} 11. e3 {[%emt 0:00:07]} O-O {[%emt 0:00:10]} 12. Bd3 {[%emt 0:00:02]} g6 {[%emt 0:00:02]} 13. Nf3 {[%emt 0:00:08]} Re8 {[%emt 0:00:00]} 14. O-O {[%emt 0:01:15]} Nd7 {[%emt 0:00:18]} 15. Qf4 {[%emt 0:00:48]} Rad8 {[%emt 0:00:16]} 16. Qxf6 {[%emt 0:00:15]} Bxf6 {[%emt 0:00:04]} 17. Rac1 {[%emt 0:00:02]} c5 {[%emt 0:00:10]} 18. Rfe1 {[%emt 0:00:28]} cxd4 {[%emt 0:01:19]} 19. exd4 {[%emt 0:00:06]} Rxe1+ {[%emt 0:00:24]} 20. Rxe1 {[%emt 0:00:03]} Nf8 {[%emt 0:00:10]} 21. h3 {[%emt 0:02:35]} Bxd4 {[%emt 0:00:12]} 22. Nxd4 {[%emt 0:00:01]} Rxd4 {[%emt 0:00:01]} 23. Bb1 {[%emt 0:00:31]} Rd2 {[%emt 0:00:07]} 24. b3 {[%emt 0:00:14]} Ne6 {[%emt 0:00:00]} 25. g3 {[%emt 0:00:22]} Nd4 {[%emt 0:00:12]} 26. Kg2 {[%emt 0:00:03]} Nb5 {[%emt 0:00:23]} 27. Re7 {[%emt 0:00:30]} Nc3 {[%emt 0:00:12]} 28. Be4 {[%emt 0:00:36]} Nxe4 {[%emt 0:00:16]} 29. Rxe4 {[%emt 0:00:01]} Rxa2 {[%emt 0:00:03]} 30. Kf3 {[%emt 0:00:08]} Ra3 {[%emt 0:00:01]} 31. Rb4 {[%emt 0:00:05]} Kg7 {[%emt 0:00:19]} 32. Ke3 {[%emt 0:00:07]} f5 {[%emt 0:00:04]} 33. f4 {[%emt 0:00:01]} Kf6 {[%emt 0:00:12]} 34. g4 {[%emt 0:00:20]} h6 {[%emt 0:00:08]} 35. Kd4 {[%emt 0:00:18]} Ra1 {[%emt 0:00:14]} 36. Rc4 {[%emt 0:00:08]} Ra3 {[%emt 0:00:25]} 37. Rc6+ {[%emt 0:00:05]} Kf7 {[%emt 0:00:02]} 38. Rc7+ {[%emt 0:02:25]} Kf6 {[%emt 0:00:01]} 39. Rc6+ {[%emt 0:00:01]} Kf7 {[%emt 0:00:49]} 40. Rc7+ {[%emt 0:00:02]} Kg8 {[%emt 0:00:12]} 41. Rc8+ {[%emt 0:00:05]} 1/2-1/2

[Event "NSV Open-ch Rapid 2019"]
[Site "Lueneburg"]
[Date "2019.08.03"]
[Round "3.23"]
[White "Mundt, Alexandra"]
[Black "Kueck, Alexander"]
[Result "1-0"]
[WhiteElo "1756"]
[BlackElo "1374"]
[Annotator "NA RC"]
[PlyCount "23"]
[EventDate "2019.08.03"]
[EventType "swiss"]
[EventCountry "GER"]
[SourceTitle "playchess.com"]
[Source "ChessBase"]
[SourceQuality "1"]
[TimeControl "600+5"]

1. e4 {[%emt 0:00:00]} e5 {[%emt 0:00:00]} 2. Nf3 {[%emt 0:00:00]} Nf6 {[%emt 0:00:04]} 3. Nxe5 {[%emt 0:00:00]} Nxe4 {[%emt 0:00:15]} 4. Qe2 {[%emt 0:01:11]} d6 {[%emt 0:01:04]} 5. Nxf7 {[%emt 0:01:01]} Kxf7 {[%emt 0:00:41]} 6. Qxe4 {[%emt 0:00:07]} Nc6 {[%emt 0:00:16]} 7. Bc4+ {[%emt 0:00:05]} Kf6 {[%emt 0:00:28]} 8. Qh4+ {[%emt 0:01:43]} Ke5 {[%emt 0:00:45]} 9. d4+ {[%emt 0:01:18]} Kf5 {[%emt 0:00:09]} 10. g4+ {[%emt 0:00:36]} Kg6 {[%emt 0:00:18]} 11. Qh5+ {[%emt 0:00:16]} Kf6 {[%emt 0:00:05]} 12. Bg5# {[%emt 0:00:01]} 1-0

[Event "NSV Open-ch Rapid 2019"]
[Site "Lueneburg"]
[Date "2019.08.03"]
[Round "3.26"]
[White "Krueger, Dietrich"]
[Black "Serrer, David"]
[Result "0-1"]
[WhiteElo "1243"]
[BlackElo "1516"]
[Annotator "NA RC"]
[PlyCount "128"]
[EventDate "2019.08.03"]
[EventType "swiss"]
[EventCountry "GER"]
[SourceTitle "playchess.com"]
[Source "ChessBase"]
[SourceQuality "1"]
[TimeControl "600+5"]

1. Nc3 {[%emt 0:00:00]} Nf6 {[%emt 0:00:00]} 2. d4 {[%emt 0:00:01]} g6 {[%emt 0:00:02]} 3. e4 {[%emt 0:00:07]} d6 {[%emt 0:00:11]} 4. Bg5 {[%emt 0:00:06]} Bg7 {[%emt 0:00:03]} 5. Bc4 {[%emt 0:00:14]} O-O {[%emt 0:00:05]} 6. h4 {[%emt 0:00:10]} c5 {[%emt 0:00:12]} 7. d5 {[%emt 0:00:10]} a6 {[%emt 0:00:13]} 8. h5 {[%emt 0:00:13]} Nxh5 {[%emt 0:00:15]} 9. f4 {[%emt 0:00:23]} b5 {[%emt 0:00:13]} 10. Be2 {[%emt 0:00:04]} h6 {[%emt 0:00:34]} 11. Bxh5 {[%emt 0:00:21]} hxg5 {[%emt 0:00:27]} 12. Bf3 {[%emt 0:00:12]} gxf4 {[%emt 0:00:33]} 13. Qd2 {[%emt 0:00:18]} Be5 {[%emt 0:00:38]} 14. Nge2 {[%emt 0:00:11]} b4 {[%emt 0:00:38]} 15. Nb1 {[%emt 0:00:23]} Bxb2 {[%emt 0:00:26]} 16. Nxf4 {[%emt 0:00:07]} Bg7 {[%emt 0:00:41]} 17. c3 {[%emt 0:00:11]} bxc3 {[%emt 0:00:12]} 18. Nxc3 {[%emt 0:00:05]} Qa5 {[%emt 0:00:30]} 19. Rc1 {[%emt 0:00:19]} Nd7 {[%emt 0:00:14]} 20. Ke2 {[%emt 0:00:23]} Ne5 {[%emt 0:00:23]} 21. a4 {[%emt 0:00:42]} Bg4 {[%emt 0:00:26]} 22. Bxg4 {[%emt 0:00:22]} Nxg4 {[%emt 0:00:03]} 23. Rh4 {[%emt 0:00:23]} Nf6 {[%emt 0:00:33]} 24. Rch1 {[%emt 0:00:15]} Nh5 {[%emt 0:01:19]} 25. Nxh5 {[%emt 0:00:19]} Qxc3 {[%emt 0:01:33]} 26. Nxg7 {[%emt 0:00:11]} Qxd2+ {[%emt 0:00:03]} 27. Kxd2 {[%emt 0:00:06]} Kxg7 {[%emt 0:00:03]} 28. Rh7+ {[%emt 0:00:10]} Kf6 {[%emt 0:00:03]} 29. Ke3 {[%emt 0:00:15]} e6 {[%emt 0:00:13]} 30. Rf1+ {[%emt 0:00:14]} Ke7 {[%emt 0:00:14]} 31. dxe6 {[%emt 0:00:10]} Kxe6 {[%emt 0:00:02]} 32. Rh6 {[%emt 0:00:20]} Rh8 {[%emt 0:00:05]} 33. Rxh8 Rxh8 34. Kf4 {[%emt 0:00:29]} Rh4+ {[%emt 0:00:15]} 35. g4 {[%emt 0:00:14]} Rh2 {[%emt 0:00:12]} 36. Kg3 {[%emt 0:00:15]} Ra2 {[%emt 0:00:03]} 37. g5 {[%emt 0:00:15]} Rxa4 {[%emt 0:00:04]} 38. Rf6+ {[%emt 0:00:04]} Ke7 {[%emt 0:00:01]} 39. Kf4 {[%emt 0:00:12]} c4 {[%emt 0:00:00]} 40. e5 {[%emt 0:00:16]} c3+ {[%emt 0:00:10]} 41. Ke3 {[%emt 0:00:19]} dxe5 {[%emt 0:00:03]} 42. Kd3 {[%emt 0:00:06]} Rg4 {[%emt 0:00:36]} 43. Kxc3 {[%emt 0:00:14]} Rxg5 {[%emt 0:00:01]} 44. Rxa6 {[%emt 0:00:05]} Rg3+ {[%emt 0:00:09]} 45. Kc4 {[%emt 0:00:08]} f5 {[%emt 0:00:03]} 46. Ra7+ {[%emt 0:00:07]} Kd6 {[%emt 0:00:05]} 47. Ra6+ {[%emt 0:00:10]} Kc7 {[%emt 0:01:06]} 48. Ra7+ {[%emt 0:00:22]} Kb6 {[%emt 0:00:00]} 49. Re7 {[%emt 0:00:12]} Rg4+ {[%emt 0:00:00]} 50. Kd5 {[%emt 0:00:11]} e4 {[%emt 0:00:00]} 51. Kd4 {[%emt 0:00:20]} Rg1 {[%emt 0:00:00]} 52. Kd5 {[%emt 0:00:16]} Rd1+ {[%emt 0:00:00]} 53. Ke6 {[%emt 0:00:24]} e3 {[%emt 0:00:00]} 54. Kf7 {[%emt 0:00:05]} f4 {[%emt 0:00:00]} 55. Kxg6 {[%emt 0:00:16]} Rd2 {[%emt 0:00:00]} 56. Kg5 {[%emt 0:00:06]} f3 {[%emt 0:00:00]} 57. Re6+ {[%emt 0:00:16]} Kc5 {[%emt 0:00:00]} 58. Kf4 {[%emt 0:00:06]} f2 {[%emt 0:00:00]} 59. Kxe3 {[%emt 0:00:31]} f1=Q {[%emt 0:00:00]} 60. Re5+ {[%emt 0:00:09]} Kd6 {[%emt 0:00:01]} 61. Re4 {[%emt 0:00:44]} Re2+ {[%emt 0:00:02]} 62. Kd4 {[%emt 0:00:17]} Qd1+ {[%emt 0:00:02]} 63. Kc3 {[%emt 0:00:26]} Qd2+ {[%emt 0:00:02]} 64. Kc4 {[%emt 0:00:20]} Rxe4+ {[%emt 0:01:18]} 0-1

[Event "NSV Open-ch Rapid 2019"]
[Site "Lueneburg"]
[Date "2019.08.03"]
[Round "4.1"]
[White "Schneider, Ilja"]
[Black "Vorobiov, Evgeny E."]
[Result "1-0"]
[WhiteElo "2494"]
[BlackElo "2578"]
[Annotator "RC"]
[PlyCount "67"]
[EventDate "2019.08.03"]
[EventType "swiss"]
[EventCountry "GER"]
[SourceTitle "playchess.com"]
[Source "ChessBase"]
[SourceQuality "1"]
[TimeControl "600+5"]

1. d4 {[%emt 0:00:00]} d5 {[%emt 0:00:00]} 2. c4 {[%emt 0:00:00]} dxc4 {[%emt 0:00:00]} 3. Nf3 {[%emt 0:00:00]} a6 {[%emt 0:00:00]} 4. e3 {[%emt 0:00:05]} Bg4 {[%emt 0:00:00]} 5. Bxc4 {[%emt 0:00:01]} e6 {[%emt 0:00:02]} 6. h3 {[%emt 0:00:04]} Bh5 {[%emt 0:00:01]} 7. b3 {[%emt 0:00:05]} Nf6 {[%emt 0:00:07]} 8. O-O {[%emt 0:00:02]} Nc6 {[%emt 0:00:21]} 9. Bb2 {[%emt 0:00:02]} Bd6 {[%emt 0:00:14]} 10. Be2 {[%emt 0:00:09]} O-O {[%emt 0:00:22]} 11. Nc3 {[%emt 0:00:17]} Qe7 {[%emt 0:00:15]} 12. Nd2 {[%emt 0:00:04]} Bxe2 {[%emt 0:00:17]} 13. Qxe2 {[%emt 0:00:01]} Rad8 {[%emt 0:00:18]} 14. Nde4 {[%emt 0:00:22]} Nxe4 {[%emt 0:00:52]} 15. Nxe4 {[%emt 0:00:02]} Nb4 {[%emt 0:00:03]} 16. Ba3 {[%emt 0:00:30]} Nd5 {[%emt 0:00:30]} 17. Nxd6 {[%emt 0:00:43]} cxd6 {[%emt 0:00:07]} 18. Rfc1 {[%emt 0:00:39]} f5 {[%emt 0:00:12]} 19. Rc2 {[%emt 0:00:53]} f4 {[%emt 0:01:34]} 20. exf4 {[%emt 0:01:13]} Nxf4 {[%emt 0:00:58]} 21. Qe4 {[%emt 0:00:32]} Qg5 {[%emt 0:01:13]} 22. Kh2 {[%emt 0:00:26]} Rf6 {[%emt 0:00:28]} 23. Qxb7 {[%emt 0:01:29]} d5 {[%emt 0:00:28]} 24. Rg1 {[%emt 0:00:26]} Qf5 {[%emt 0:02:38]} 25. Rc7 {[%emt 0:00:50]} Rg6 {[%emt 0:00:16]} 26. g4 {[%emt 0:00:49]} Qe4 {[%emt 0:00:05]} 27. Qc8 {[%emt 0:00:41]} h6 {[%emt 0:00:31]} 28. Qxd8+ {[%emt 0:00:01]} Kh7 {[%emt 0:00:02]} 29. Rc8 {[%emt 0:00:10]} Rf6 {[%emt 0:00:06]} 30. Qg8+ {[%emt 0:00:16]} Kg6 {[%emt 0:00:02]} 31. Rc7 {[%emt 0:00:11]} Nh5 {[%emt 0:00:18]} 32. gxh5+ {[%emt 0:00:11]} Kxh5 {[%emt 0:00:01]} 33. Rcxg7 {[%emt 0:00:40]} Rxf2+ {[%emt 0:00:08]} 34. R7g2 {[%emt 0:00:02]} 1-0

[Event "NSV Open-ch Rapid 2019"]
[Site "Lueneburg"]
[Date "2019.08.03"]
[Round "4.2"]
[White "Jahncke, Giso"]
[Black "Lubbe, Nikolas"]
[Result "0-1"]
[WhiteElo "2325"]
[BlackElo "2431"]
[Annotator "TA"]
[PlyCount "64"]
[EventDate "2019.08.03"]
[EventType "swiss"]
[EventCountry "GER"]
[SourceTitle "playchess.com"]
[Source "ChessBase"]
[SourceQuality "1"]

{[%evp 9,64,-16,-11,-8,-13,-14,-9,-6,-10,0,-24,-3,-9,-55,-23,-18,-27,-35,-46,-84,-90,-94,-76,-71,-70,-145,-37,-44,-43,-61,-36,-35,3,16,25,-14,123,23,57,-29,-45,-283,-281,-281,-291,-290,-297,-270,-165,-290,-289,-314,-320,-329,-335,-332,-328]} 1. d4 Nf6 2. c4 c5 3. Nf3 e6 4. dxc5 Bxc5 5. g3 (5. e3 O-O 6. Nc3 d5 7. cxd5 exd5 8. Be2 Nc6 9. O-O a6 10. b3 {½-½ (10) Martinez Reyes,P (2404)-Ibarra Jerez,J (2542) La Roda 2019}) 5... Qb6 6. e3 $1 {A46: 1 d4 Nf6 2 Nf3 e6: Torre, London and Colle Systems} O-O 7. Bg2 d5 8. cxd5 {The position is equal.} Nxd5 9. O-O Rd8 {[%cal Rd5e3] [#] And now ...Nxe3 would win.} 10. Qe2 Bd7 $36 {[%mdl 2048] ...Bb5 is the strong threat. Black is pushing.} 11. a4 $146 ({Predecessor:} 11. Rd1 Bb5 {1-0 (44) Brux,J (1817)-Baeuml,G (1451) Bad Koenigshofen 2007}) 11... Qa6 12. Qxa6 Nxa6 13. Ne5 Be8 14. e4 Ndb4 15. Nc3 f6 16. Nc4 Rac8 17. Na5 (17. e5 $15) 17... Bb6 (17... Nc2 $17 18. Rb1 Bb4) 18. Nxb7 $15 Rd7 19. e5 $1 fxe5 {White must now prevent ...Rb8.} 20. Nb5 $1 Rb8 (20... Nc2 $5 {[%cal Rc2a1]} 21. N7d6 Rcd8 22. Nxe8 Nxa1 $15) 21. N7d6 Bg6 22. Nc4 Bd4 (22... Nd3 $11) 23. Be3 (23. Nxd4 $16 exd4 24. Ne5) 23... Bd3 24. Bxd4 (24. Rfc1 $1 $14) 24... Bxf1 $11 25. Bxe5 $2 ({Better is} 25. Kxf1 $15 exd4 26. Ne5) 25... Bxc4 $19 26. Bxb8 Nxb8 27. Rc1 Bxb5 $1 28. axb5 Rd8 29. Bh3 {[#]} (29. Rc7 {is a better defense.}) 29... Kf7 $1 {Black has a decisive advantage.} 30. Rc7+ Rd7 31. Rc8 Rb7 32. Bf1 Nd7 {Accuracy: White = 37%, Black = 55%.} 0-1

[Event "NSV Open-ch Rapid 2019"]
[Site "Lueneburg"]
[Date "2019.08.03"]
[Round "4.3"]
[White "Kahlert, Thomas"]
[Black "Buchenau, Frank"]
[Result "1/2-1/2"]
[WhiteElo "2152"]
[BlackElo "2294"]
[Annotator "TA"]
[PlyCount "111"]
[EventDate "2019.08.03"]
[EventType "swiss"]
[EventCountry "GER"]
[SourceTitle "playchess.com"]
[Source "ChessBase"]
[SourceQuality "1"]

{[%evp 17,111,-8,9,0,0,0,0,-8,-12,-33,-43,-44,-41,-41,-43,-46,-41,-48,-29,-106,0,0,0,0,0,0,0,0,37,27,27,23,27,-33,-28,-22,0,-10,-8,-31,-39,-85,-31,-29,-25,-28,0,-31,-9,-23,-20,-48,-39,-72,-54,-42,-10,-65,-2,-10,0,0,0,0,0,-49,-49,-41,-37,-41,-24,-46,-46,-36,0,0,-8,-8,0,0,0,0,0,0,0,0,0,0,7,0,0,0,7,0,0,0]} 1. Nf3 Nf6 2. c4 e6 3. Nc3 b6 4. e4 Bb7 5. Qe2 c5 6. g3 Nc6 7. d3 d6 8. Bg2 Be7 9. O-O O-O 10. b3 {A17: English Opening: 1...Nf6 with ...Bb4} (10. Rd1 Nd4 11. Nxd4 cxd4 12. Nb1 Nd7 13. Nd2 Nc5 14. f4 e5 15. Nf3 Qc7 16. f5 Bc6 17. Bd2 a5 {1-0 (72) Djurhuus,R (2456)-Gronn,A (2310) Hamar 2007}) 10... Nd7 11. Bb2 Bf6 12. Rad1 a6 13. a3 $146 ({Predecessor:} 13. Qc2 Nde5 14. Ne2 Qc7 15. Ne1 {½-½ (15) Kleman,M-Rigo,Z (2160) Bratislava 1998}) 13... Rb8 14. Qc2 Nde5 {[#] White must now prevent ...Nxf3+.} 15. Ne2 Nxf3+ 16. Bxf3 Bxb2 17. Qxb2 b5 18. d4 (18. Bg2 $11 {keeps the balance.}) 18... cxd4 (18... Qf6 $17 19. Qc3 cxd4 20. Nxd4 bxc4 21. bxc4 Ne5) 19. cxb5 $1 $11 Ne5 {[%cal Bc6e5,Be5g4,Bg4e3][%mdl 32]} 20. Bg2 d3 21. Nf4 Qf6 {[#] ...Nf3+! is the strong threat.} 22. Kh1 Qh6 23. Nxd3 Ng4 {[%csl Gg4][%cal Rh6h2]} 24. h4 axb5 25. Qd2 (25. Qe2 $11 Ne5 26. Nxe5 dxe5 27. Kg1 (27. Qxb5 Bxe4 28. Qxe5 Bc2 $14)) 25... Qxd2 $15 26. Rxd2 Ra8 27. Ra1 Rfc8 28. f3 Ne3 29. Ne1 Ra6 (29... d5 $17 30. exd5 Nxg2 31. Kxg2 Bxd5) 30. Rd3 Nxg2 31. Kxg2 Kf8 32. b4 Ke7 33. Kf2 d5 34. exd5 Bxd5 35. Ke3 Rc4 36. Rad1 Rac6 37. f4 (37. Ng2 $11) 37... Re4+ ({Black should try} 37... Rc7 $15) 38. Kf2 $11 Kf6 39. Nf3 Rc2+ 40. R1d2 Rec4 41. Ne5 Rxd2+ 42. Rxd2 $15 {[%mdl 4096] Endgame KRB-KRN} Rc3 43. Rd3 Rc2+ 44. Ke3 h5 45. Kd4 Ke7 (45... g6 {is more complex.} 46. Rd1 Ke7 47. Rd3 f6 48. Nxg6+ Kf7) 46. Rc3 {The position is equal.} Rxc3 47. Kxc3 $11 {KB-KN} f6 48. Nd3 Kd6 49. Kd4 Bc4 {Threatens to win with ...Bxd3.} 50. Nc5 e5+ 51. fxe5+ fxe5+ 52. Ke4 g6 53. Nb7+ Ke6 {And now ...Bd5+ would win.} 54. Nc5+ Kd6 55. Nb7+ Ke6 {Hoping for ...Bd5+.} 56. Nc5+ {Accuracy: White = 40%, Black = 52%.} 1/2-1/2

[Event "NSV Open-ch Rapid 2019"]
[Site "Lueneburg"]
[Date "2019.08.03"]
[Round "4.4"]
[White "Stork, Oliver"]
[Black "Priebe, Jan"]
[Result "0-1"]
[WhiteElo "2322"]
[BlackElo "2204"]
[Annotator "TA"]
[PlyCount "114"]
[EventDate "2019.08.03"]
[EventType "swiss"]
[EventCountry "GER"]
[SourceTitle "playchess.com"]
[Source "ChessBase"]
[SourceQuality "1"]

{[%evp 20,114,17,13,14,8,18,0,10,4,25,-11,19,16,19,24,21,25,68,68,70,56,94,85,117,73,157,127,398,393,423,440,435,431,425,417,413,415,413,413,489,489,492,488,468,447,689,731,785,758,645,538,450,-237,-237,-342,-329,-516,-243,-236,-236,-236,-240,-279,-242,-227,0,-217,-133,-226,-204,-171,-163,-158,-145,-1011,-974,-929,-915,-863,-806,-29978,-901,-858,-798,-740,-568,-3475,-1991,-29980,-29981,-29973,-5030,-29981,-29982,-29995,-29984]} 1. c4 Nf6 2. Nf3 g6 3. Nc3 Bg7 4. g3 O-O 5. Bg2 d6 6. O-O e5 7. d4 Nc6 8. dxe5 Nxe5 9. Nxe5 dxe5 10. Bg5 Qxd1 11. Rfxd1 c6 {E62: King's Indian: Fianchetto: 6...c6 and Panno Variation (6...Nc6) without ...a6} 12. b3 (12. Rac1 Be6 13. b3 h6 14. Be3 Rfe8 15. Na4 Bf8 16. Nc5 Bc8 17. h3 Kg7 18. b4 a6 19. a4 Bxc5 20. Bxc5 {1-0 (35) Cheparinov,I (2689)-Al Sayed,M (2508) Doha 2016}) 12... Re8 13. Na4 h6 $146 {The position is equal.} ({Predecessor:} 13... Nd7 14. Rd2 Nf8 15. Nc5 Ne6 16. Nxe6 Bxe6 17. Rad1 f6 18. Be3 Bf8 19. c5 {0-1 (39) Kozma,J-Smejkal,J Luhacovice 1968}) 14. Bc1 Bf5 15. Bb2 h5 16. Nc5 Rab8 17. Nxb7 {[%mdl 64] Remove Defender, Decoy} Rxb7 18. Bxc6 {[%mdl 64] Double Attack} Rbe7 19. Bxe8 Rxe8 20. c5 $1 Ne4 21. Rac1 Rc8 22. b4 {[%cal Bb3b4,Bb4b5][%mdl 32]} a5 (22... Bh6 $142) 23. f3 Ng5 $2 {[%mdl 8192]} (23... Bh6 $16) 24. b5 $18 e4 25. Bxg7 exf3 26. exf3 Kxg7 27. c6 Nxf3+ 28. Kf2 Ne5 29. Ke3 Be6 30. Kd4 f6 31. Kc5 Kf7 32. Kb6 Nc4+ (32... Rb8+ $142 33. Ka6 Bc8+ 34. Kxa5 Ra8+ 35. Kb6 Bf5) 33. Kb7 Re8 {[#]} 34. Rxc4 $1 {[%mdl 512]} Bxc4 {[%mdl 4096] Endgame KRB-KR} 35. Rd7+ Ke6 36. Rg7 $4 {[%mdl 8192]} (36. b6 $18 {avoids the disaster.}) 36... Bxb5 $19 37. c7 (37. Kb6 $142 Bd3 38. a4) 37... Bd7 38. Rxg6 (38. a4 $142) 38... Bc8+ (38... Kf7 $142 39. Rh6 Bg4) 39. Kb6 {[#]} Rh8 $1 40. Rg7 {[#]} a4 $1 41. a3 Kd6 42. Rf7 Ke6 43. Rg7 h4 44. gxh4 (44. Rg4 $17 {keeps fighting.}) 44... Rxh4 45. Rg8 Bd7 46. Re8+ Kd6 {Strongly threatening ...Rc4.} 47. Rd8 $2 {[%mdl 8192]} (47. c8=N+ $17 Bxc8 48. Rxc8) 47... Rc4 48. Rf8 Rc6+ 49. Ka5 Kxc7 50. Kxa4 f5 (50... Rb6+ $142 51. Ka5 Rb5+ 52. Ka6 Rh5 53. Rf7 Rh4 54. Rxd7+ Kxd7 55. Kb6 f5 56. Kc5 Ke6 57. Kb5 Re4 58. h4 f4 59. h5 f3 60. h6 f2 61. h7 f1=Q+ 62. Ka5 Qe1+ 63. Ka6 Qb1 64. Ka5 Qb3 65. h8=Q Ra4#) 51. Kb4 Rc2 52. h4 Rh2 53. Rh8 f4 54. Kc3 f3 55. Rf8 Bc6 (55... f2 $142 56. Rf7 Kd6 57. Kd4 Bb5 58. Rf5 f1=Q 59. Rxf1 Rxh4+ 60. Kc3 Bxf1 61. Kd2 Rh3 62. Kd1 Rh2 63. Kc1 Kc5 64. Kd1 Kd4 65. a4 Kc3 66. a5 Bd3 67. Ke1 Ba6 68. Kd1 Rh1#) 56. Rf4 f2 57. Kd2 f1=Q+ 0-1

[Event "NSV Open-ch Rapid 2019"]
[Site "Lueneburg"]
[Date "2019.08.03"]
[Round "4.5"]
[White "Ertan, Can"]
[Black "Fischer, Thomas"]
[Result "1-0"]
[WhiteElo "2396"]
[BlackElo "2106"]
[Annotator "TA"]
[PlyCount "35"]
[EventDate "2019.08.03"]
[EventType "swiss"]
[EventCountry "GER"]
[SourceTitle "playchess.com"]
[Source "ChessBase"]
[SourceQuality "1"]

{[%evp 20,35,19,8,33,42,48,59,139,0,0,-29,121,115,602,594,885,882]} 1. e4 c5 2. Nf3 Nc6 3. d4 cxd4 4. Nxd4 Nf6 5. Nc3 e5 6. Ndb5 d6 7. Bg5 a6 8. Na3 b5 9. Nd5 Be7 10. Bxf6 Bxf6 11. c4 O-O {B33: Sicilian: Pelikan and Sveshnikov Variations} (11... b4 $5 {[%cal Rb4a3]} 12. Nc2 a5 $11) (11... b4 12. Nc2 O-O 13. g3 Be6 14. Bg2 Bxd5 15. cxd5 Nd4 16. O-O Nxc2 17. Qxc2 Bg5 18. h4 Bh6 19. a3 {½-½ (32) Jakovenko,D (2719)-Giri,A (2797) Shenzhen 2019}) 12. cxb5 Nd4 13. bxa6 Bg5 {[#]} (13... Be6 $14) 14. Nc4 $146 ({White should play} 14. Nc2 $16) ({Predecessor:} 14. Bd3 Qa5+ 15. Nc3 Bxa6 16. O-O Rfb8 17. Bxa6 Qxa6 18. Rb1 g6 19. Nd5 {0-1 (50) Alekseenko,K (2638)-Tsydypov,Z (2529) St Petersburg 2018}) 14... Bxa6 $11 {[#]} 15. h4 $1 {[%mdl 512]} Bxc4 (15... Bh6 $11) (15... Bxh4 16. Nce3) 16. Bxc4 $16 Qa5+ $2 {[%mdl 8192]} (16... Bf6 $16) 17. b4 $18 Qa3 18. hxg5 1-0